000 00587nam a2200229Ia 4500
003 OSt
005 20220923230443.0
006 a|||||r|||| 00| 0
007 ta
008 Pun
024 _a282,084
037 _cTextual
040 _aARTS
_cARTS
_bPun
041 _2Pun
_aPun
082 _aO153,3N193x, L5
100 _aਸਿੰਘ, ਸੂਬਾ
245 0 _aਹਾਸੇ ਤੇ ਹਾਦਸੇ
260 _c1975
650 _aਪੰਜਾਬੀ ਸਾਹਿਤ
942 _hO153,3N193x, L5
_cTEXL
_2CC
999 _c384921
_d384921